000 00693nam a2200217Ia 4500
003 GCL
008 140319s9999 xx 000 0 eng d
020 _a0071214984
040 _aGCL /
_cGCL
082 0 4 _a658.4038
_bO M
100 1 _aO'BRIEN, JAMES A
245 1 0 _aMANAGEMENT INFORMATION SYSTEMS :
_bMANAGING INFORMATION TECHNOLOGY IN THE BUSINESS ENTERPRISE /
_cO'BRIEN, JAMES A
260 _aانجلترا :
_bMC GRAW - HILL ،
_c2004
300 _a32 CM ؛
_c529 P
650 0 4 _aMANAGEMENT
650 0 4 _aDECISION SUPPORT SYSTEMS
650 0 4 _aINFORMATION RESOURCES MANAGEMENET
650 0 4 _aELECTRONIC COMMERCE
650 0 4 _aINFORMATION TECHNOLOGY - MANAGMENT
942 _2ddc
_cBK
999 _c7264
_d7264